[Event "Nova Gorica op-A 26th"]
[Site "Nova Gorica"]
[Date "2022.09.22"]
[Round "9"]
[White "Brilej, Jaka"]
[Black "Devnani, Kush"]
[Result "1/2-1/2"]
[WhiteElo "2329"]
[BlackElo "2095"]
[PlyCount "114"]
[EventDate "2022.09.16"]
[EventType "swiss"]
[EventRounds "9"]
[EventCountry "SLO"]
[SourceTitle "CBM 210 Extra"]
[Source "ChessBase"]
[SourceDate "2022.11.30"]
[SourceVersion "1"]
[SourceVersionDate "2022.11.30"]
[SourceQuality "1"]

1. e4 c5 2. f4 d5 3. Bb5+ Bd7 4. Bxd7+ Qxd7 5. d3 e6 6. Nf3 Nc6 7. Qe2 dxe4 8. dxe4 Nd4 9. Nxd4 cxd4 10. 0-0 Bc5 11. Qd3 Ne7 12. Nd2 0-0 13. a3 Rac8 14. b4 Bb6 15. Nc4 Qc6 16. Nxb6 Qxb6 17. Bb2 Rfd8 18. Rad1 Rc3 19. Qd2 d3+ 20. Qf2 Rxc2 21. Qxb6 axb6 22. Be5 f6 23. Ba1 d2 24. Kf2 Rd3 25. Ke2 Rxa3 26. Rxd2 Rxd2+ 27. Kxd2 b5 28. Rc1 Nc6 29. Bc3 Ra4 30. Ke3 Kf7 31. Bd2 Nxb4 32. Rc7+ Kg6 33. Rxb7 Ra3+ 34. Ke2 Nc2 35. f5+ exf5 36. exf5+ Kxf5 37. Rxb5+ Kg6 38. Rd5 Ra4 39. Kd3 Nb4+ 40. Bxb4 Rxb4 41. Ke3 Rb2 42. Kf3 h5 43. h4 Rb4 44. g3 Rb3+ 45. Kg2 Kh6 46. Ra5 Rb6 47. Kh3 g5 48. hxg5+ fxg5 49. Rc5 Kg6 50. Ra5 Re6 51. Ra8 Re2 52. Ra6+ Kf5 53. Ra5+ Re5 54. Ra4 Re4 55. Ra5+ Re5 56. Ra4 Re4 57. Ra5+ Re5 1/2-1/2

[Event "Nova Gorica op-A 26th"]
[Site "Nova Gorica"]
[Date "2022.09.20"]
[Round "7"]
[White "Davies, Nigel Rodney"]
[Black "Devnani, Kush"]
[Result "1-0"]
[WhiteElo "2420"]
[BlackElo "2095"]
[PlyCount "119"]
[EventDate "2022.09.16"]
[EventType "swiss"]
[EventRounds "9"]
[EventCountry "SLO"]
[SourceTitle "CBM 210 Extra"]
[Source "ChessBase"]
[SourceDate "2022.11.30"]
[SourceVersion "1"]
[SourceVersionDate "2022.11.30"]
[SourceQuality "1"]

1. c4 c6 2. Nf3 d5 3. e3 Nf6 4. b3 e6 5. Bb2 Bd6 6. Nc3 e5 7. cxd5 cxd5 8. Nb5 Nc6 9. Nxd6+ Qxd6 10. Bb5 e4 11. Nd4 0-0 12. Be2 a6 13. 0-0 Bd7 14. f4 Nxd4 15. Bxd4 Bb5 16. Bxb5 axb5 17. Qc1 Rfc8 18. Qb2 Rc6 19. a4 b4 20. Rac1 Rac8 21. Be5 Qe7 22. Rxc6 Rxc6 23. Qd4 Qc5 24. h3 Qxd4 25. Bxd4 Nd7 26. Kf2 Nc5 27. Bxc5 Rxc5 28. Ke2 f5 29. g4 fxg4 30. hxg4 Kf7 31. Rh1 h6 32. Rh5 Ke6 33. Re5+ Kf6 34. Re8 Rc7 35. Ra8 g6 36. Ra5 Ke6 37. Rb5 h5 38. Rb6+ Kf7 39. gxh5 gxh5 40. Rh6 Rc2 41. Rxh5 d4 42. exd4 Rb2 43. Ke3 Rxb3+ 44. Kxe4 Ra3 45. a5 Ra2 46. Rb5 Rxd2 47. Rxb7+ Kf6 48. Rxb4 Re2+ 49. Kf3 Ra2 50. Rb6+ Kf5 51. Rb5+ Kf6 52. Ke4 Ke6 53. Rb6+ Ke7 54. a6 Ra5 55. d5 Kd7 56. Ke5 Ra2 57. f5 Ra5 58. f6 Ra1 59. Rb7+ Kc8 60. f7 1-0

[Event "Nova Gorica op-A 26th"]
[Site "Nova Gorica"]
[Date "2022.09.17"]
[Round "3"]
[White "Ronka, Erik"]
[Black "Devnani, Kush"]
[Result "1/2-1/2"]
[WhiteElo "2248"]
[BlackElo "2095"]
[PlyCount "98"]
[EventDate "2022.09.16"]
[EventType "swiss"]
[EventRounds "9"]
[EventCountry "SLO"]
[SourceTitle "CBM 210 Extra"]
[Source "ChessBase"]
[SourceDate "2022.11.30"]
[SourceVersion "1"]
[SourceVersionDate "2022.11.30"]
[SourceQuality "1"]

1. e4 c5 2. Nf3 d6 3. d4 cxd4 4. Nxd4 Nf6 5. Nc3 a6 6. Be3 e5 7. Nb3 Be7 8. f3 Be6 9. Qd2 h5 10. Nd5 Nxd5 11. exd5 Bf5 12. Be2 a5 13. Rc1 Bh4+ 14. g3 Be7 15. 0-0 a4 16. Na1 Bh3 17. Rf2 Nd7 18. Bf1 Bxf1 19. Rfxf1 h4 20. g4 0-0 21. c4 f5 22. h3 Qe8 23. b4 axb3 24. axb3 Qg6 25. b4 fxg4 26. hxg4 e4 27. fxe4 Ne5 28. Qg2 Rxf1+ 29. Rxf1 Nxc4 30. Bf4 Ra3 31. Nc2 Ra2 32. Rf2 Bf6 33. g5 Be5 34. Bxe5 Nxe5 35. Nd4 Rxf2 36. Kxf2 Nd3+ 37. Ke3 Nxb4 38. Qg4 h3 39. Qc8+ Kf7 40. Ne6 Nxd5+ 41. exd5 Qf5 42. Qf8+ Kg6 43. Qxg7+ Kh5 44. Nf4+ Kg4 45. Nxh3 Qf3+ 46. Kd4 Qd1+ 47. Kc4 Qa4+ 48. Kd3 Qd1+ 49. Kc4 Qa4+ 1/2-1/2

[Event "Dubai op 22nd"]
[Site "Dubai"]
[Date "2022.09.04"]
[Round "9"]
[White "Sharan, Rao"]
[Black "Devnani, Kush"]
[Result "0-1"]
[WhiteElo "2292"]
[BlackElo "2095"]
[PlyCount "92"]
[EventDate "2022.08.27"]
[EventType "swiss"]
[EventRounds "9"]
[EventCountry "UAE"]
[SourceTitle "CBM 210 Extra"]
[Source "ChessBase"]
[SourceDate "2022.11.30"]
[SourceVersion "1"]
[SourceVersionDate "2022.11.30"]
[SourceQuality "1"]

1. Nf3 d5 2. b3 Bf5 3. Bb2 e6 4. e3 Nf6 5. d4 c6 6. Bd3 Bd6 7. 0-0 0-0 8. c4 Nbd7 9. Nc3 Qe7 10. Bxf5 exf5 11. Qd3 g6 12. Rfc1 a6 13. Rc2 Rad8 14. g3 Rfe8 15. cxd5 Nxd5 16. Nxd5 cxd5 17. Rac1 Nf6 18. Bc3 Rc8 19. Ba5 Rxc2 20. Rxc2 Ne4 21. Kg2 h5 22. a4 Kg7 23. Qd1 Rh8 24. h4 Qd7 25. Ne5 Qe7 26. Qc1 f6 27. Nd3 Qd7 28. Bc7 Rc8 29. Bxd6 Nxd6 30. Nb4 Rxc2 31. Qxc2 Qe6 32. Qc7+ Kh6 33. Qd8 Kg7 34. Kg1 f4 35. Qc7+ Kh6 36. Qc1 fxg3 37. e4+ Kg7 38. Qc7+ Nf7 39. fxg3 Qxe4 40. Qxb7 Qxd4+ 41. Kh2 Qf2+ 42. Kh3 g5 43. hxg5 fxg5 44. g4 hxg4+ 45. Kxg4 Qg2+ 46. Kf5 Qe4# 0-1